000 00533nam a2200205 a 4500
001 000044144
003 DO-SdBNP
005 20220324115010.0
007 ta
008 140602s2012 dr 000 0 spa d
020 _a9789945489194
040 _aDO-SdBNP
_bspa
_cBNPHU
082 4 _b22
100 1 _aMancebo, María
_972156
245 1 0 _aCuentos para mis nietos /
_cMaría Mancebo.
260 _aSanto Domingo :
_bSantuario,
_c2012.
300 _a69 p. :
_bil. ;
_c24 cm.
590 _aInventariado, 2022/BT
942 _2ddc
_cLBS1
999 _c43633
_d43633